000 00375nam a2200133 i 4500
001 bg
100 1 _aWERSZKO, Mirosław
245 0 _aDemodulacja pneumatycznych sygnałów częstotliwościowych przy pomocy wzmacniaczy... /
_cMirosław Werszko.
260 _aWrocław,
_c1974.
040 _cBPK
041 _apol
942 _cKS
008 s pl f |000 0 pol
999 _c26026
_d26026
856 _uhttp://koha.tu.koszalin.pl/cgi-bin/koha/opac-detail.pl?biblionumber=26026
_yKatalog online BPK